|
|
|
|
| LEADER |
00581cam a2200169 7i4500 |
| 001 |
0000041078 |
| 005 |
20120216090000.0 |
| 020 |
|
|
|a 0470391782 (hbk.)
|
| 020 |
|
|
|a 9780470391785 (hbk.)
|
| 090 |
0 |
0 |
|a HD2745
|b .B63 2009
|
| 245 |
0 |
0 |
|a Boardroom realities :
|b building leaders across your board
|c Jay A. Conger, editor.
|
| 260 |
|
|
|a San Francisco, CA:
|b Jossey-Bass,
|c 2009.
|
| 300 |
|
|
|a xxiv, 520 p.:
|b ill.;
|c 24 cm.
|
| 650 |
0 |
0 |
|a Chief executive officers
|
| 650 |
0 |
0 |
|a Directors of corporations
|
| 700 |
1 |
|
|a Conger, Jay Alden
|
| 999 |
|
|
|a 0000053240
|b BOK
|c OPEN SHELF
|e 1st Floor, Bestari Jaya
|